| 000 | 00567nam a2200133Ia 4500 | ||
|---|---|---|---|
| 008 | 171212s9999 xx 000 0 und d | ||
| 020 | _a9780833043061 | ||
| 100 | _aBodilly, Susan J.;Zakaras, Laura;Augustine, Catherine H. | ||
| 245 |
_cBodilly, Susan J.;Zakaras, Laura;Augustine, Catherine H. _aRevitalizing Arts Education Through Community-Wide Coordination |
||
| 260 |
_bRAND Corporation _c2008 |
||
| 650 | _aArt -- Study and teaching -- United States; Community and school -- United States | ||
| 650 | _aEducation | ||
| 856 | _uwww.jstor.org/stable/10.7249/mg702wf | ||
| 999 |
_c352505 _d352505 |
||